| 000 | 01126nam a22002057a 4500 | ||
|---|---|---|---|
| 008 | 230726s2023 xxk||||| ||||o00| 0 eng d | ||
| 041 | _aeng | ||
| 110 | _aJudiciary | ||
| 245 | _aPractice Direction – Appointment of Managers under Section 24 of the Landlord and Tenant Act 1987 | ||
| 260 |
_bCourts & Tribunals Judiciary, _cJuly 2023 |
||
| 490 | _aPractice Direction | ||
| 520 | _aA Courts and Tribunals Judiciary Property Chamber practice statement, updated in July 2023, gives leaseholders, prospective Managers, and landlords, an indication of the Tribunal's expectations of a proposed Manager when deciding whether to make an order under the Landlord and Tenant Act 1987 s.24. References requirement to be familiar with RICS codes and have similar protections for client money to RICS. | ||
| 650 | _aLANDLORD AND TENANT | ||
| 650 | _aPRACTICE DIRECTION | ||
| 650 | _aLEASEHOLD PROPERTY | ||
| 651 | _aUnited Kingdom | ||
| 690 |
_96252 _aLandlord and tenant |
||
| 856 |
_uhttps://www.judiciary.uk/wp-content/uploads/2022/01/AOM-Practice-Statement-July-2023.pdf _zAvailable via judiciary.uk |
||
| 942 | _n0 | ||
| 999 |
_c121637 _d121637 |
||